00371cam a2200133 a 4500020001500000041000800015082001500023100002400038245007800062260004800140300001800188500002000206650001100226 a0800619722 aENG00a270.1bACH1 aAchtemeier, Paul J.14aThe quest for unity in the New Testament church :A Study in Paul and Acts aPhiladelphia, PA :bFortress Press,cc1987. axii, 132 p. ; aIncludes index. 0aChurch